| 000 | 01080nam0a22002531 4500 | ||
|---|---|---|---|
| 001 | v19\rc\1259230 | ||
| 005 | 20071223191058.7 | ||
| 035 | _a(NLR Aleph) 005198771 | ||
| 090 |
_a5288161 _c5288161 |
||
| 100 | _a20060306d1892 |||y0rusy50 ca | ||
| 101 | 0 | _arus | |
| 102 | _aRU | ||
| 105 | _aa z ||||| | ||
| 200 | 1 |
_aГолодовка и зимовка на Новой Земле _f[Соч.] Сергея Васильевича Максимова _gРис. М.Е. Малышева и др. |
|
| 210 |
_aСанкт-Петербург _cС.-Петерб. ком. грамотности, сост. при Вольном экон. о-ве _d1892 |
||
| 215 |
_a40 с. _cил. _d18 |
||
| 700 | 1 |
_aМаксимов _bС. В. _cэтнограф _f1831-1901 _gСергей Васильевич _3RU\NLR\AUTH\77139 _4070 _7ca |
|
| 702 | 1 |
_aМалышев _bМ. Е. _f1852-1914 _gМихаил Егорович _4440 |
|
| 801 | 0 |
_aRU _bNLR _c20060306 _gpsbo |
|
| 801 | 1 |
_aRU _bProSoft-M _c20060306 _2rusmarc |
|
| 801 | 2 |
_aRU _bNLR _c20071223 _2rusmarc |
|
| 852 |
_aNLR _j18.207.3.156 |
||
| 942 | _cBOOK | ||
| 980 | _aNB | ||